000 00767nam a2200169 a 4500
001 000016009
005 20200929164233.0
008 100223s1979 dr r 000 0 spa d
040 _aDO-SdBNP
_bspa
_cBNPHU
111 1 _aSeminario sobre gestión de las empresas públicas en la República Dominicana e Italia
_n30 de obtubrede 1975
_cSanto Domingo )
_935958
245 1 0 _aControl de Gobierno Central sobre las empresas públicas /
_cJosé Rafael Abinader.
260 _aSanto Domingo :
_bSecretaría de Estado de Finanzas,
_c1979.
300 _a13 P. ;
_c22 cm.
490 1 _aPublicación Técnica de la Secretaría de Estado de Finanzas
_v4
700 1 _aAbinader, José Rafael
_911652
830 0 _aPublicación Técnica de la Secretaría de Estado de Finanzas
_n4
_935959
999 _c15551
_d15551